00878nam a2200241 a 450000100060000000300080000600500170001400800410003103500190007204000330009104100080012408200240013210000400015624500640019626000480026030000450030850400510035360000280040470000380043294200120047099900170048295201370049921319BD-RjUL20211209000654.0140304r19581950enk b 001 1 eng d a(BD-RjUL)21383 aANLbengcANLdSUSAdBD-RjUL aeng04a821.5220bPOE 19581 aPope, Alexander,d1688-1744.95531813aAn essay on man /cAlexander Pope ; edited by Maynard Mack. aLondon :bMethuen ;c1950 [reprinted 1958]. axc, 186 p., [1] leaf of plates :c23 cm. aIncludes bibliographical references and index. aPope, Alexander,9553181 aMack, Maynard,d1688-1744.965916 2ddccBK c21319d21319 00102ddc40728FICaRUCLbRUCLcReadingd1962-12-12eZeitlingerg0.00l0o821.5 POE 1958r2014-03-04 00:00:00tC-1w2014-03-04yBK